00597nam a2200181 a 450000100060000000300090000600800410001502000150005604000280007108200180009910000870011724500280020426000300023230000180026249000450028050500750032565000150040016811CO-ViMGA141112s2004 ck r 000 u spa d a9682463467 aCO-ViMGAbspacCO-ViMGA04a617.643 K171o1 aKatagiri Katagiri, Mario; Garcilazo Gómez, Alfredo; Ballesteros Lozano, Mauricio10aOrtodoncia interceptiva aMexico, cTrillas, c2001 a70.p.il.fotos aManuales de laboratorio en odontología aGanchos retenedores Arco vestibular Resortes Placa base Placas activas14aORTODONCIA